LEADER 01060nam a2200265 a 4500 001 000000166855 003 CaOOAMICUS 005 20180327090840.0 008 180327s1967 it a u000 u ita r 032 $aLibriCat 040 $aPUL$bita 100 1 $aGuevara, Ernesto,$d1928-1967.$0(OLS)http://pul/name/36890 245 13$aLa guerra per bande /$cErnesto Che Guevara ; traduzione di Adele Faccio. 260 $aMilano :$bA. Mondadori,$c1967. 300 $a213 p. :$bill. ;$c19 cm. 490 1 $aOscar settimanali ;$v132 bis 650 4$aGuerriglia$xStoria.$0(OLS)http://pul/subject/39700 700 1 $aFaccio, Adele.$0(OLS)http://pul/name/107618 830 0$aOscar Mondadori ;$v132 bis.$0(OLS)http://pul/title/18338 850 $aPUL 852 $aPUL$W1$xDP1 Fondo Dalla Palma$y117$m1 B 75$j66385$qFondi$B194367$CPULBib$Z2$F194367 $HDal684 $81 941 1 $a1 996 $6245$aLa guerra per bande$9(OLS)http://pul/title/206631 996 $6260$aMilano :$bA. Mondadori$9(OLS)http://pul/publisher/48249 LEADER 01517namaa2200349 i 4500 001 000000177841 003 CaOOAMICUS 005 20250610143402.0 007 tu 008 250610s2020 it a 000 u ita r 020 $a978-88-922-2301-1* 040 $aPUL$bita$erda 082 0 $a303.44 100 1 $aFacchini, Fiorenzo,$csacerdote,$d1929-,$eautore.$0(OLS)http://pul/name/42633 245 10$aFatti non foste...: $bcome siamo diventati uomini e perché vogliamo rimanere tali /$cFiorenzo Facchini. 264 4$c©2020. 264 1$aCinisello Balsamo :$bSan Paolo,$c[2020] 300 $a223 p., [8] carte di tavola :$billustrazioni ;$a21 cm 336 $atesto$btxt$2rdacontent 337 $asenza mediazione$bn$2rdamedia 338 $avolume$bnc$2rdacarrier 504 $aBibliografia in nota a piè pagina. 650 4$aUomo (antropologia).$0(OLS)http://pul/subject/11830 850 $aPUL 852 $aPUL$W1$xSL Diritto e Scienze Sociali 3$y79$m303. 44 FACFI 1$j201758$qDDC 21$B206816$CPULBib$Z2$F206816 $H137931 $82 941 1 $a9 996 $6020$a978-88-922-2301-1*$9(OLS)http://pul/number/170421 996 $6082$a303.44$9(OLS)http://pul/classification/624 996 $6245$aFatti non foste...: $bcome siamo diventati uomini e perché vogliamo rimanere tali$9(OLS)http://pul/title/219396 996 $6264$aCinisello Balsamo :$bSan Paolo$9(OLS)http://pul/publisher/54577 996 $6264$a[S.l.] :$b[s.n.]$9(OLS)http://pul/publisher/0